[Event "XI C.to Mondiale seniores"]
[Site "Arco ITA"]
[Date "2001.10.19"]
[Round "3"]
[White "Rodkin, Rafael"]
[Black "Vasiukov, Evgeni A."]
[Result "0-1"]
[WhiteElo "2286"]
[BlackElo "2530"]
[PlyCount "88"]
[EventDate "2001.10.17"]

1. d4 f5 2. c4 Nf6 3. Nc3 g6 4. Nf3 Bg7 5. g3 O-O 6. Bg2 d6 7. O-O Qe8 8. Nd5
Nxd5 9. cxd5 Qb5 10. Ne1 c6 11. dxc6 Nxc6 12. e3 e5 13. Nc2 a5 14. b3 Qb6 15.
Bb2 e4 16. Ba3 Rd8 17. Qd2 d5 18. Bc5 Qc7 19. a4 b6 20. Ba3 Ba6 21. Rfc1 Qd7
22. Ne1 Rdc8 23. Rc3 Bf8 24. Bxf8 Kxf8 25. Rac1 Nb4 26. Bf1 Rxc3 27. Rxc3 Bxf1
28. Kxf1 Rc8 29. h4 h6 30. Qc1 Rc6 31. Rxc6 Nxc6 32. Nc2 g5 33. hxg5 hxg5 34.
Kg2 Kg7 35. Qf1 Qc7 36. Qb5 Ne7 37. Ne1 f4 38. f3 Nf5 39. exf4 gxf4 40. fxe4
f3+ 41. Kf1 Nxg3+ 42. Kf2 Nxe4+ 43. Kf1 f2 44. Nd3 Qf7 0-1

[Event "XI C.to Mondiale seniores"]
[Site "Arco ITA"]
[Date "2001.10.19"]
[Round "3"]
[White "Rosen, Willy"]
[Black "Titz, Herbert"]
[Result "1-0"]
[WhiteElo "2315"]
[BlackElo "2116"]
[PlyCount "59"]
[EventDate "2001.10.17"]

1. e4 c5 2. Nf3 d6 3. d4 cxd4 4. Nxd4 Nf6 5. Nc3 a6 6. Be3 e6 7. Qd2 Qc7 8. f3
Nbd7 9. g4 Ne5 10. g5 Nfd7 11. f4 Nc4 12. Bxc4 Qxc4 13. O-O-O b5 14. b3 Qc7 15.
f5 Ne5 16. fxe6 fxe6 17. Rhf1 Bd7 18. Nce2 O-O-O 19. Kb1 Kb7 20. Nf4 Re8 21.
Ndxe6 Rxe6 22. Qd5+ Bc6 23. Qxe6 Bxe4 24. Nd3 Qc3 25. Bd2 Qc7 26. Nxe5 Bxc2+
27. Kb2 Bxd1 28. Rf7 dxe5 29. Rxc7+ Kxc7 30. Ba5+ 1-0

[Event "XI C.to Mondiale seniores"]
[Site "Arco ITA"]
[Date "2001.10.19"]
[Round "3"]
[White "Tatai, Stefano"]
[Black "Kock, Hans-Uwe"]
[Result "0-1"]
[WhiteElo "2352"]
[BlackElo "2161"]
[PlyCount "76"]
[EventDate "2001.10.17"]

1. e4 c6 2. d4 d5 3. Nd2 g6 4. Ngf3 Bg4 5. c3 Bxf3 6. Qxf3 e6 7. Bd3 Bg7 8. O-O
Ne7 9. Re1 O-O 10. Qe2 Nd7 11. Nf3 Qc7 12. Bg5 Rfe8 13. e5 c5 14. Rad1 Nc6 15.
Qe3 cxd4 16. cxd4 Rac8 17. Bb1 Qb6 18. b3 a5 19. h4 Na7 20. h5 Nb5 21. Rc1 Rc6
22. Rxc6 bxc6 23. Bh6 c5 24. Bxg7 Kxg7 25. dxc5 Qxc5 26. h6+ Kg8 27. Rc1 Qb4
28. Bd3 d4 29. Qf4 Nc3 30. Nxd4 Nd5 31. Qg4 Nxe5 32. Qe4 Qd2 33. Rc5 Nxd3 34.
Rxd5 Qc1+ 35. Kh2 Nxf2 36. Qe2 Qxh6+ 37. Kg3 Nh1+ 38. Kf3 Qh4 0-1

[Event "XI C.to Mondiale seniores"]
[Site "Arco ITA"]
[Date "2001.10.19"]
[Round "3"]
[White "Uhlmann, Wolfgang"]
[Black "Dornieden, Manfred"]
[Result "1/2-1/2"]
[WhiteElo "2473"]
[BlackElo "2293"]
[PlyCount "142"]
[EventDate "2001.10.17"]

1. c4 e5 2. Nc3 Nf6 3. Nf3 Nc6 4. g3 d5 5. cxd5 Nxd5 6. Bg2 Nb6 7. a3 Be7 8. d3
O-O 9. O-O Be6 10. Be3 f6 11. Rc1 Nd4 12. Bxd4 exd4 13. Ne4 Re8 14. Nc5 Bxc5
15. Rxc5 Bd5 16. b4 c6 17. Re1 Nd7 18. Rc1 Ne5 19. Nd2 Bxg2 20. Kxg2 Qd5+ 21.
Kg1 Re7 22. Qb3 Qxb3 23. Nxb3 Rd8 24. h3 g5 25. Rf1 Ng6 26. Rc2 Rd5 27. Rfc1
Nf8 28. Kf1 Ne6 29. Rc4 Kf7 30. Ke1 f5 31. Kd2 f4 32. Re1 Red7 33. Kd1 fxg3 34.
fxg3 Kg6 35. Nd2 c5 36. Ne4 cxb4 37. axb4 a5 38. Rf1 Rf7 39. Rxf7 Kxf7 40. bxa5
Rxa5 41. Rb4 b5 42. Rxb5 Rxb5 43. Nd6+ Kf6 44. Nxb5 Ke5 45. Ke1 h5 46. Kf2 Nc5
47. Na3 g4 48. h4 Kd5 49. Nc2 Ke5 50. Nb4 Ne6 51. Nc2 Nc5 52. Ne1 Ne6 53. Ng2
Ng7 54. Nf4 Kd6 55. e3 dxe3+ 56. Kxe3 Nf5+ 57. Kf2 Ng7 58. d4 Kc6 59. Ke3 Nf5+
60. Ke4 Nxg3+ 61. Ke5 Kd7 62. d5 Ke7 63. d6+ Kd7 64. Nd5 Ne2 65. Nf6+ Kd8 66.
Nxh5 g3 67. Nxg3 Nxg3 68. Kf4 Nh5+ 69. Kg5 Ng7 70. Kg6 Ne8 71. h5 Nxd6 1/2-1/2

[Event "XI C.to Mondiale seniores"]
[Site "Arco ITA"]
[Date "2001.10.20"]
[Round "4"]
[White "Baumgartner, Heinz"]
[Black "Lainburg, Viktor"]
[Result "1-0"]
[WhiteElo "2350"]
[BlackElo "2235"]
[PlyCount "83"]
[EventDate "2001.10.17"]

1. Nf3 g6 2. c4 Bg7 3. g3 d6 4. d4 e5 5. Nc3 Nd7 6. Bg2 Ngf6 7. O-O O-O 8. h3
Re8 9. e4 c6 10. Re1 exd4 11. Nxd4 Nc5 12. Nc2 Be6 13. Ne3 Qc7 14. Qc2 a5 15.
Bd2 Rad8 16. Rad1 Bc8 17. Bc1 Ne6 18. Kh2 h5 19. h4 Nc5 20. f3 Ne6 21. Rf1 Nc5
22. Rf2 Kh7 23. f4 Qe7 24. f5 Ncxe4 25. Nxe4 Nxe4 26. Rf4 Nf6 27. Rdf1 Rf8 28.
Qf2 Qe5 29. Bh3 d5 30. cxd5 cxd5 31. b3 Ne4 32. Qc2 Nf6 33. R4f3 d4 34. Nc4 Qe4
35. fxg6+ Qxg6 36. Qxg6+ fxg6 37. Bg5 Ng4+ 38. Bxg4 hxg4 39. Rf7 Rxf7 40. Rxf7
Be6 41. Rxg7+ Kxg7 42. Bxd8 1-0

[Event "XI C.to Mondiale seniores"]
[Site "Arco ITA"]
[Date "2001.10.20"]
[Round "4"]
[White "Chernikov, Oleg L."]
[Black "Zoltek, Tadeusz"]
[Result "1/2-1/2"]
[WhiteElo "2464"]
[BlackElo "2298"]
[PlyCount "66"]
[EventDate "2001.10.17"]

1. c4 e6 2. Nc3 d5 3. d4 Nf6 4. Bg5 Be7 5. e3 O-O 6. Nf3 h6 7. Bh4 Ne4 8. Bxe7
Qxe7 9. cxd5 Nxc3 10. bxc3 exd5 11. Qb3 c6 12. c4 Be6 13. cxd5 Bxd5 14. Bc4
Bxc4 15. Qxc4 Nd7 16. Rb1 Nb6 17. Qb3 Rfe8 18. a4 Rab8 19. O-O Nd7 20. Rfc1 c5
21. a5 b6 22. axb6 Rxb6 23. Qd5 cxd4 24. exd4 Rxb1 25. Rxb1 Nb6 26. Qa5 Qd7 27.
h3 Rc8 28. Re1 Rc7 29. Qe5 Nc4 30. Qe8+ Qxe8 31. Rxe8+ Kh7 32. Ne5 Nxe5 33.
Rxe5 Rd7 1/2-1/2

[Event "XI C.to Mondiale seniores"]
[Site "Arco ITA"]
[Date "2001.10.20"]
[Round "4"]
[White "Johannessen, Svein"]
[Black "Hecht, Hans-Joachim"]
[Result "1/2-1/2"]
[WhiteElo "2265"]
[BlackElo "2418"]
[PlyCount "32"]
[EventDate "2001.10.17"]

1. Nf3 Nf6 2. b3 g6 3. Bb2 Bg7 4. g3 c5 5. c4 Nc6 6. Bg2 O-O 7. O-O d6 8. Nc3
Ne4 9. Qc1 Nxc3 10. Bxc3 e5 11. d3 h6 12. a3 Be6 13. b4 Rb8 14. bxc5 dxc5 15.
Qb2 Nd4 16. Nxd4 cxd4 1/2-1/2

[Event "XI C.to Mondiale seniores"]
[Site "Arco ITA"]
[Date "2001.10.20"]
[Round "4"]
[White "Petkevich, Jusefs"]
[Black "Joksic, Sinisa"]
[Result "1-0"]
[WhiteElo "2440"]
[BlackElo "2288"]
[PlyCount "69"]
[EventDate "2001.10.17"]

1. d4 d5 2. Nf3 c6 3. e3 Bf5 4. c4 e6 5. Nc3 Nd7 6. Be2 h6 7. O-O Ngf6 8. b3
Bd6 9. Bb2 O-O 10. Bd3 Ne4 11. Qc2 Ndf6 12. Ne5 Re8 13. f3 Nxc3 14. Bxf5 Nxa2
15. Nxf7 Kxf7 16. Bg6+ Kg8 17. c5 Nb4 18. Qd2 Rf8 19. Qxb4 Bc7 20. Qxb7 Qd7 21.
Qa6 Rab8 22. Ra3 Rb5 23. Bc3 Kh8 24. Bd3 Rb7 25. b4 Bb8 26. g3 Rc7 27. Bc2 Qf7
28. Qd3 g5 29. e4 dxe4 30. fxe4 Rd7 31. d5 e5 32. d6 Qe8 33. Rf5 Ng4 34. Qe2 h5
35. h3 1-0

[Event "XI C.to Mondiale seniores"]
[Site "Arco ITA"]
[Date "2001.10.20"]
[Round "4"]
[White "Shlakman, Itzhak"]
[Black "Tatai, Stefano"]
[Result "0-1"]
[WhiteElo "2186"]
[BlackElo "2352"]
[PlyCount "100"]
[EventDate "2001.10.17"]

1. e4 c5 2. Nf3 d6 3. d4 Nf6 4. Nc3 cxd4 5. Nxd4 a6 6. Be2 e5 7. Nb3 Be7 8. Be3
O-O 9. Nd5 Nxd5 10. Qxd5 Qc7 11. Qd2 a5 12. O-O Be6 13. Bd3 Nd7 14. a4 Nf6 15.
c4 Ng4 16. h3 Nxe3 17. Qxe3 h6 18. Nd2 Bg5 19. Qe2 Rfc8 20. b3 Qb6 21. Bc2 Qb4
22. Nf3 Bd8 23. Qd2 Qc5 24. Rfd1 Ra6 25. Nh2 Bb6 26. Nf1 Qc7 27. Ne3 Bc5 28.
Nd5 Qd8 29. Qe2 Bd4 30. Rab1 Rac6 31. Kh2 Bc5 32. f4 exf4 33. Nxf4 Qf6 34. Nxe6
fxe6 35. Qf3 Qxf3 36. gxf3 Be3 37. Rd3 Bf4+ 38. Kg2 Kf7 39. Bd1 Rc5 40. h4 Rh5
41. e5 dxe5 42. Rd7+ Kf6 43. Bc2 Rxh4 44. Be4 Rh2+ 45. Kg1 b6 46. Rbd1 Rb2 47.
R1d3 h5 48. R3d6 h4 49. Bd5 Re8 50. Kh1 h3 0-1

[Event "XI C.to Mondiale seniores"]
[Site "Arco ITA"]
[Date "2001.10.20"]
[Round "4"]
[White "Svensson, Leif"]
[Black "Khanukov, Boris"]
[Result "0-1"]
[WhiteElo "2185"]
[BlackElo "2346"]
[PlyCount "104"]
[EventDate "2001.10.17"]

1. Nc3 d5 2. d4 Bf5 3. f3 e6 4. e4 Bg6 5. exd5 exd5 6. Qe2+ Ne7 7. Bf4 a6 8. h4
Nbc6 9. O-O-O Bf5 10. g4 Be6 11. Qh2 Rc8 12. h5 Na7 13. Nh3 h6 14. g5 Nf5 15.
gxh6 gxh6 16. Nf2 Nc6 17. Ne2 Bd6 18. Bh3 Bxf4+ 19. Qxf4 Qg5 20. Bxf5 Bxf5 21.
Rhg1 Qxf4+ 22. Nxf4 Rd8 23. c3 Kf8 24. Ng4 Rd6 25. Ne3 Ne7 26. Rde1 c6 27. Nxf5
Nxf5 28. Re5 Rf6 29. Rg4 Nd6 30. Nd3 Rg8 31. Nc5 Rxg4 32. fxg4 Rf1+ 33. Kc2
Rf2+ 34. Kc1 Rf1+ 35. Kc2 Rf2+ 36. Kc1 Rg2 37. Nd7+ Kg7 38. Re7 Rxg4 39. Ne5
Rg1+ 40. Kc2 Rg2+ 41. Kc1 Kf6 42. Rc7 Rg1+ 43. Kc2 Rh1 44. b3 Rh2+ 45. Kb1 Ke6
46. c4 dxc4 47. bxc4 f5 48. c5 Nb5 49. Rxb7 Nxd4 50. Nd3 Kd5 51. Re7 Kc4 52.
Nf4 Rh4 0-1

[Event "XI C.to Mondiale seniores"]
[Site "Arco ITA"]
[Date "2001.10.20"]
[Round "4"]
[White "Vasiukov, Evgeni A."]
[Black "Rosen, Willy"]
[Result "1/2-1/2"]
[WhiteElo "2530"]
[BlackElo "2315"]
[PlyCount "73"]
[EventDate "2001.10.17"]

1. e4 c5 2. Nf3 Nc6 3. Bb5 g6 4. O-O Bg7 5. Re1 Nf6 6. c3 O-O 7. h3 e5 8. d3 d6
9. Nbd2 Bd7 10. Ba4 Rb8 11. a3 b5 12. Bc2 a5 13. a4 b4 14. Bb3 h6 15. Nc4 Ne8
16. Ne3 Kh7 17. h4 Nf6 18. Bc4 Ng4 19. Nxg4 Bxg4 20. Ng5+ Qxg5 21. hxg5 Bxd1
22. Rxd1 hxg5 23. Bxg5 Bh6 24. Bh4 f6 25. Bd5 Ne7 26. Be6 Bf4 27. Bg3 Bxg3 28.
fxg3 bxc3 29. bxc3 Rb2 30. d4 cxd4 31. cxd4 Nc6 32. dxe5 dxe5 33. Rab1 Rfb8 34.
Rxb2 Rxb2 35. Rd5 Nd4 36. Bg4 Ne2+ 37. Bxe2 1/2-1/2

[Event "XI C.to Mondiale seniores"]
[Site "Arco ITA"]
[Date "2001.10.20"]
[Round "4"]
[White "Wagman, Stuart"]
[Black "Bukal, Vladimir sr"]
[Result "0-1"]
[WhiteElo "2143"]
[BlackElo "2437"]
[PlyCount "60"]
[EventDate "2001.10.17"]

1. e4 e6 2. d3 d5 3. Qe2 dxe4 4. dxe4 e5 5. Nf3 Nc6 6. c3 Bg4 7. Qc2 Bxf3 8.
gxf3 Qf6 9. Be2 Bc5 10. Nd2 Qh4 11. Rf1 Qxh2 12. b4 Be7 13. Nc4 a6 14. Be3 Rd8
15. Bd2 Qh3 16. Rg1 g6 17. O-O-O Qc8 18. Ne3 Nf6 19. Bc4 b5 20. Bb3 Nb8 21. Nd5
Nxd5 22. exd5 Bf6 23. Rde1 O-O 24. d6 Rxd6 25. Bh6 Bg7 26. Bxg7 Kxg7 27. Rxe5
Nd7 28. Re7 c5 29. bxc5 Nxc5 30. Rge1 Nd3+ 0-1

[Event "XI C.to Mondiale seniores"]
[Site "Arco ITA"]
[Date "2001.10.20"]
[Round "4"]
[White "Winiwarter, Felix"]
[Black "Karasev, Vladimir I."]
[Result "0-1"]
[WhiteElo "2174"]
[BlackElo "2410"]
[PlyCount "80"]
[EventDate "2001.10.17"]

1. e4 c5 2. Nf3 e6 3. d4 cxd4 4. Nxd4 a6 5. Bd3 Nf6 6. O-O d6 7. Nc3 Qc7 8. f4
Nbd7 9. Kh1 b5 10. a3 Bb7 11. Qf3 Rc8 12. Bd2 Be7 13. Rae1 Nc5 14. Qh3 Nxd3 15.
cxd3 Qd7 16. Rf3 Rc5 17. g4 d5 18. e5 Ne4 19. Qg2 Nxd2 20. Qxd2 h5 21. Rh3 g6
22. Qg2 h4 23. f5 Kd8 24. Rf3 Kc8 25. h3 Kb8 26. Kh2 Rcc8 27. fxe6 fxe6 28. Rf7
Rhf8 29. Qf3 Rxf7 30. Qxf7 Rf8 31. Qxe6 Rf2+ 32. Kg1 Qxe6 33. Nxe6 Rxb2 34. d4
Rb3 35. Nb1 Rxh3 36. Kf2 Rg3 37. g5 Bc8 38. Nf4 Bxg5 39. Nxd5 Be6 40. Ndc3 Rd3
0-1

[Event "XI C.to Mondiale seniores"]
[Site "Arco ITA"]
[Date "2001.10.21"]
[Round "5"]
[White "Bukal, Vladimir sr"]
[Black "Dornieden, Manfred"]
[Result "1-0"]
[WhiteElo "2437"]
[BlackElo "2293"]
[PlyCount "65"]
[EventDate "2001.10.17"]

1. c4 e5 2. Nc3 Nf6 3. Nf3 Nc6 4. e4 Bc5 5. Nxe5 Nxe5 6. d4 Bb4 7. dxe5 Nxe4 8.
Qd4 Nxc3 9. bxc3 Be7 10. Qg4 Kf8 11. Qe4 d6 12. f4 dxe5 13. fxe5 c6 14. Be2 Bc5
15. Be3 Bxe3 16. Qxe3 Qh4+ 17. g3 Qe7 18. O-O Be6 19. Rad1 h5 20. Rd6 Kg8 21.
Rf4 h4 22. g4 Re8 23. Qxa7 h3 24. Qd4 Qg5 25. c5 Rh4 26. a4 Bd5 27. c4 Rxe5 28.
Bd3 Re1+ 29. Kf2 Rd1 30. Ke2 Rxg4 31. Kxd1 Rg1+ 32. Kc2 Rg2+ 33. Kb3 1-0

[Event "XI C.to Mondiale seniores"]
[Site "Arco ITA"]
[Date "2001.10.21"]
[Round "5"]
[White "Csom, Istvan"]
[Black "Chehlov, Aleksander"]
[Result "1/2-1/2"]
[WhiteElo "2425"]
[BlackElo "2267"]
[PlyCount "48"]
[EventDate "2001.10.17"]

1. Nf3 Nf6 2. c4 e6 3. b3 b6 4. g3 Bb7 5. Bg2 Be7 6. Bb2 c5 7. O-O d6 8. Nc3
Nbd7 9. d3 O-O 10. e4 a6 11. h3 Ne8 12. Qd2 Nc7 13. Nh2 b5 14. f4 Rb8 15. Nf3
Bf6 16. Kh2 b4 17. Nd1 Bxb2 18. Qxb2 a5 19. a4 bxa3 20. Rxa3 Na6 21. Nf2 Nb4
22. Rd1 Qc7 23. Qe2 Ra8 24. h4 Nb6 1/2-1/2

[Event "XI C.to Mondiale seniores"]
[Site "Arco ITA"]
[Date "2001.10.21"]
[Round "5"]
[White "Durao, Joaquim Manuel"]
[Black "Semasev, Kim"]
[Result "1-0"]
[WhiteElo "2114"]
[BlackElo "2300"]
[PlyCount "69"]
[EventDate "2001.10.17"]

1. e4 d6 2. d4 Nf6 3. Nc3 g6 4. f3 Bg7 5. Be3 c6 6. Qd2 b5 7. Bd3 b4 8. Nd1 Qb6
9. Ne2 a5 10. O-O Ba6 11. Nf2 O-O 12. a3 Nbd7 13. Bxa6 Rxa6 14. axb4 axb4 15.
Rxa6 Qxa6 16. Nd3 Rb8 17. Nec1 Qb5 18. h3 Ne8 19. Nb3 Nb6 20. Qxb4 Qxb4 21.
Nxb4 Nc4 22. Nxc6 Rb6 23. Nxe7+ Kf8 24. Nd5 Ra6 25. Bc1 Ra2 26. Nb4 Ra4 27. c3
Nc7 28. f4 Ra7 29. e5 d5 30. f5 gxf5 31. Rxf5 Ke8 32. Rh5 Bf8 33. Rxh7 Bxb4 34.
cxb4 Rb7 35. Rh8+ 1-0

[Event "XI C.to Mondiale seniores"]
[Site "Arco ITA"]
[Date "2001.10.21"]
[Round "5"]
[White "Hoen, Ragnar Harald"]
[Black "Kock, Hans-Uwe"]
[Result "1/2-1/2"]
[WhiteElo "2324"]
[BlackElo "2161"]
[PlyCount "30"]
[EventDate "2001.10.17"]

1. e4 c6 2. d4 d5 3. Nc3 g6 4. Nf3 Bg4 5. exd5 cxd5 6. Bb5+ Nc6 7. O-O Nf6 8.
h3 Bxf3 9. Qxf3 Bg7 10. Bg5 O-O 11. Rad1 Qb6 12. Bxc6 bxc6 13. Na4 Qb4 14. Bxf6
Bxf6 15. b3 Rfe8 1/2-1/2

[Event "XI C.to Mondiale seniores"]
[Site "Arco ITA"]
[Date "2001.10.21"]
[Round "5"]
[White "Ivanets, Vladimir"]
[Black "Kripp, Wolfgang"]
[Result "1/2-1/2"]
[WhiteElo "2132"]
[BlackElo "2177"]
[PlyCount "50"]
[EventDate "2001.10.17"]

1. e4 Nf6 2. Nc3 e5 3. d4 exd4 4. Qxd4 Nc6 5. Qa4 d6 6. Nf3 Bd7 7. Bb5 a6 8.
Bxc6 Bxc6 9. Qd4 Be7 10. O-O O-O 11. Bg5 Re8 12. Rfe1 Nd7 13. Bxe7 Qxe7 14. Nd5
Bxd5 15. exd5 Ne5 16. Nd2 Qd7 17. Re3 Ng6 18. Rae1 Rxe3 19. Qxe3 Kf8 20. Qb3
Qb5 21. a4 Qxb3 22. Nxb3 Re8 23. Rd1 Re4 24. a5 Ne7 25. Kf1 Rb4 1/2-1/2

[Event "XI C.to Mondiale seniores"]
[Site "Arco ITA"]
[Date "2001.10.21"]
[Round "5"]
[White "Karasev, Vladimir I."]
[Black "Baumgartner, Heinz"]
[Result "1/2-1/2"]
[WhiteElo "2410"]
[BlackElo "2350"]
[PlyCount "100"]
[EventDate "2001.10.17"]

1. Nf3 Nf6 2. g3 b6 3. Bg2 Bb7 4. O-O e6 5. c4 d5 6. b3 Nbd7 7. Bb2 c5 8. cxd5
exd5 9. d4 g6 10. dxc5 bxc5 11. e4 d4 12. Re1 Be7 13. b4 cxb4 14. e5 Nd5 15.
Nxd4 O-O 16. Nf5 Nc5 17. Bxd5 gxf5 18. Bxb7 Nxb7 19. Qf3 Nc5 20. Qxf5 Qd3 21.
Qg4+ Qg6 22. Qe2 Nd3 23. Rd1 Rfd8 24. Bc1 Nxe5 25. Rxd8+ Rxd8 26. Bf4 Nc6 27.
Nd2 Bf6 28. Rc1 Nd4 29. Qa6 Ne6 30. Be3 Bc3 31. Nf3 Qe4 32. Ng5 Nxg5 33. Bxg5
Rd5 34. Be3 Qf5 35. Qxa7 Ra5 36. Qb8+ Kg7 37. Qd8 Rxa2 38. Bd4+ f6 39. Qe7+ Kg6
40. Qe8+ Kg7 41. Qe7+ Kg6 42. Qf8 Re2 43. Qg8+ Kh6 44. Qf8+ Kg6 45. Qg8+ Kh6
46. Be3+ Rxe3 47. fxe3 Qe5 48. Qf8+ Kg6 49. Qg8+ Kh6 50. Qf8+ Kg6 1/2-1/2

[Event "XI C.to Mondiale seniores"]
[Site "Arco ITA"]
[Date "2001.10.21"]
[Round "5"]
[White "Klovans, Janis"]
[Black "Kholmov, Ratmir D."]
[Result "1/2-1/2"]
[WhiteElo "2420"]
[BlackElo "2427"]
[PlyCount "36"]
[EventDate "2001.10.17"]

1. e4 e5 2. Nf3 Nc6 3. Bb5 a6 4. Ba4 Nf6 5. O-O Be7 6. Re1 b5 7. Bb3 O-O 8. d4
d6 9. c3 Bg4 10. Be3 Na5 11. dxe5 Bxf3 12. Qxf3 dxe5 13. Bc2 Nc4 14. Bc1 Nd7
15. Rd1 Qe8 16. Nd2 Nxd2 17. Bxd2 Nb6 18. Qg3 Bf6 1/2-1/2

[Event "XI C.to Mondiale seniores"]
[Site "Arco ITA"]
[Date "2001.10.21"]
[Round "5"]
[White "Kruek, Josef"]
[Black "Vasiukov, Evgeni A."]
[Result "0-1"]
[WhiteElo "2040"]
[BlackElo "2530"]
[PlyCount "74"]
[EventDate "2001.10.17"]

1. e4 Nf6 2. e5 Nd5 3. d4 d6 4. Nf3 Bg4 5. Be2 e6 6. c4 Nb6 7. exd6 cxd6 8. Nc3
Be7 9. O-O O-O 10. h3 Bh5 11. Re1 Qc8 12. b3 d5 13. c5 N6d7 14. Bf4 a6 15. Na4
Bxf3 16. Bxf3 Nc6 17. Rc1 Bf6 18. Be3 Qd8 19. Qd2 h6 20. Bd1 Bg5 21. Bc2 Re8
22. Nb6 Nxb6 23. cxb6 Qxb6 24. Rcd1 Qd8 25. Qd3 g6 26. a3 Rc8 27. g3 Bxe3 28.
Rxe3 Nxd4 29. Bb1 Nf5 30. Rf3 h5 31. Qd2 Kg7 32. Qb2+ f6 33. g4 Nh4 34. Rg3
hxg4 35. Qd4 Nf3+ 36. Rxf3 gxf3 37. Qg4 f5 0-1

[Event "XI C.to Mondiale seniores"]
[Site "Arco ITA"]
[Date "2001.10.21"]
[Round "5"]
[White "Littlewood, John Eric"]
[Black "Hecht, Hans-Joachim"]
[Result "1/2-1/2"]
[WhiteElo "2285"]
[BlackElo "2418"]
[PlyCount "78"]
[EventDate "2001.10.17"]

1. e4 e6 2. d4 d5 3. Nd2 c5 4. Ngf3 cxd4 5. exd5 Qxd5 6. Bc4 Qd6 7. O-O Nf6 8.
Nb3 Nc6 9. Nbxd4 Nxd4 10. Nxd4 a6 11. c3 Qc7 12. Qe2 Bd7 13. Bg5 O-O-O 14. Rad1
Bd6 15. Kh1 h6 16. Be3 Kb8 17. f4 Nd5 18. Bxd5 exd5 19. Qh5 Rhe8 20. Bg1 Bc8
21. Qxd5 Bxf4 22. Qf3 g5 23. Ne2 Rxd1 24. Rxd1 Qe5 25. Nxf4 Qxf4 26. Qd5 Qc7
27. Bf2 f5 28. a4 Qc6 29. Qd4 b6 30. Qxb6+ Qxb6 31. Bxb6 Re2 32. Kg1 Rxb2 33.
a5 Rc2 34. Rd6 f4 35. Rxh6 Rxc3 36. Rf6 Bd7 37. h4 gxh4 38. Rxf4 h3 39. gxh3
Rxh3 1/2-1/2

[Event "XI C.to Mondiale seniores"]
[Site "Arco ITA"]
[Date "2001.10.21"]
[Round "5"]
[White "Ljuboschiz, Alexander"]
[Black "Bebchuk, Evgeni"]
[Result "1/2-1/2"]
[WhiteElo "2205"]
[BlackElo "2335"]
[PlyCount "35"]
[EventDate "2001.10.17"]

1. e4 c5 2. Nf3 e6 3. d4 cxd4 4. Nxd4 Nf6 5. Nc3 Bb4 6. Bd3 Nc6 7. Nxc6 bxc6 8.
e5 Nd5 9. Qg4 O-O 10. Bh6 g6 11. Bxf8 Qxf8 12. a3 Ba5 13. Qa4 Qc5 14. O-O Nxc3
15. bxc3 Bxc3 16. Rab1 Bxe5 17. Qb4 Qf8 18. Qa5 1/2-1/2

[Event "XI C.to Mondiale seniores"]
[Site "Arco ITA"]
[Date "2001.10.21"]
[Round "5"]
[White "Rosen, Willy"]
[Black "Petkevich, Jusefs"]
[Result "1-0"]
[WhiteElo "2315"]
[BlackElo "2440"]
[PlyCount "53"]
[EventDate "2001.10.17"]

1. e4 c5 2. Nf3 d6 3. d4 cxd4 4. Nxd4 Nf6 5. Nc3 a6 6. Be3 e5 7. Nb3 Be6 8. Qd2
Nbd7 9. O-O-O Be7 10. f3 b5 11. g4 h6 12. h4 Nb6 13. Qf2 Nc4 14. Bxc4 Bxc4 15.
Na5 Be6 16. Nc6 Qc7 17. Nxe7 Kxe7 18. g5 hxg5 19. Bxg5 Kf8 20. Bxf6 gxf6 21.
Nd5 Bxd5 22. Rxd5 Ke7 23. f4 Qc4 24. fxe5 fxe5 25. Rf1 f5 26. Qxf5 Raf8 27.
Qg5+ 1-0

[Event "XI C.to Mondiale seniores"]
[Site "Arco ITA"]
[Date "2001.10.21"]
[Round "5"]
[White "Rotstein, Jefim"]
[Black "Johannessen, Svein"]
[Result "1-0"]
[WhiteElo "2379"]
[BlackElo "2265"]
[PlyCount "93"]
[EventDate "2001.10.17"]

1. g3 e5 2. Bg2 Nc6 3. c4 Bc5 4. e3 Nf6 5. Nc3 O-O 6. Nge2 Re8 7. O-O d6 8. d3
Bf5 9. Nd5 Nxd5 10. cxd5 Ne7 11. h3 Qd7 12. Kh2 Qb5 13. d4 exd4 14. Nxd4 Bxd4
15. Qxd4 c5 16. dxc6 Nxc6 17. Qf4 Be4 18. b3 Bxg2 19. Kxg2 Ne5 20. Qd4 Qc6+ 21.
f3 Qc2+ 22. Rf2 Qg6 23. e4 d5 24. Bf4 Nc6 25. Qxd5 Qf6 26. Rc1 h6 27. Qc5 Rad8
28. Qc3 Qe7 29. Rd2 Rxd2+ 30. Qxd2 Rd8 31. Qc3 Qa3 32. Rc2 a5 33. Qc5 Qxc5 34.
Rxc5 a4 35. Rb5 axb3 36. axb3 Ra8 37. Kf2 Ra2+ 38. Ke3 g5 39. Bd6 Rc2 40. e5
Rc3+ 41. Ke4 Kg7 42. Rxb7 Nd8 43. Rb8 Ne6 44. b4 h5 45. b5 g4 46. hxg4 hxg4 47.
f4 1-0

[Event "XI C.to Mondiale seniores"]
[Site "Arco ITA"]
[Date "2001.10.21"]
[Round "5"]
[White "Tatai, Stefano"]
[Black "Bylino, Oleg"]
[Result "1/2-1/2"]
[WhiteElo "2352"]
[BlackElo "2238"]
[PlyCount "95"]
[EventDate "2001.10.17"]

1. e4 c5 2. Nf3 Nc6 3. Bb5 g6 4. O-O Bg7 5. Re1 a6 6. Bxc6 dxc6 7. d3 Nf6 8. a4
a5 9. Nc3 O-O 10. h3 Ne8 11. Be3 b6 12. Qd2 Nc7 13. Bh6 Ne6 14. Bxg7 Kxg7 15.
Ne2 Qd6 16. Qc3+ Kg8 17. Rad1 Ba6 18. Qb3 Qc7 19. c3 c4 20. dxc4 Nc5 21. Qa2
Nxe4 22. Ned4 Nd6 23. Ne5 c5 24. Nb5 Qb7 25. b3 Rad8 26. Qe2 Nf5 27. Rd3 Rxd3
28. Qxd3 Kg7 29. Qd5 Qxd5 30. cxd5 Bxb5 31. axb5 Rd8 32. Nc4 Nd6 33. Nxb6 Rb8
34. Nc4 Rxb5 35. Rxe7 Nxc4 36. bxc4 Rb3 37. Rc7 Rxc3 38. Rxc5 a4 39. d6 Rd3 40.
Rc6 a3 41. c5 Kf6 42. Ra6 Ke6 43. Kf1 Rc3 44. Ra5 a2 45. Rxa2 Rxc5 46. Rd2 Kd7
47. Ke2 Rc6 48. Ke3 1/2-1/2

[Event "XI C.to Mondiale seniores"]
[Site "Arco ITA"]
[Date "2001.10.22"]
[Round "6"]
[White "Bebchuk, Evgeni"]
[Black "Krueger, Erich"]
[Result "1/2-1/2"]
[WhiteElo "2335"]
[BlackElo "2216"]
[PlyCount "92"]
[EventDate "2001.10.17"]

1. e4 c6 2. d4 d5 3. e5 Bf5 4. h4 h5 5. c4 e6 6. Nc3 Ne7 7. Bg5 Qb6 8. Na4 Qa5+
9. Bd2 Qc7 10. c5 Nd7 11. Be2 Bg6 12. f4 Nf5 13. Nf3 Ng3 14. Rh3 Nxe2 15. Kxe2
Bf5 16. Rh1 Be7 17. b4 O-O 18. Qb3 a6 19. Rac1 f6 20. Nb2 fxe5 21. dxe5 Bg4 22.
Nd3 Qd8 23. Be1 b6 24. Bf2 bxc5 25. bxc5 Qc7 26. Rc3 Rfb8 27. Qc2 Qa5 28. Rc1
Rb5 29. Kf1 Bxf3 30. gxf3 Rab8 31. Kg2 Qd8 32. a4 R5b7 33. Qe2 Qf8 34. Bg3 a5
35. Qd2 Qf5 36. Bf2 Nf8 37. Ra3 Bd8 38. Bg3 Ng6 39. Rh1 Rb1 40. Rxb1 Rxb1 41.
Qc2 Rb8 42. Qf2 Be7 43. Kh2 Rb1 44. Qc2 Rb7 45. Qf2 Rb8 46. Qe1 Bd8 1/2-1/2

[Event "XI C.to Mondiale seniores"]
[Site "Arco ITA"]
[Date "2001.10.22"]
[Round "6"]
[White "Bylino, Oleg"]
[Black "Hoen, Ragnar Harald"]
[Result "1/2-1/2"]
[WhiteElo "2238"]
[BlackElo "2324"]
[PlyCount "65"]
[EventDate "2001.10.17"]

1. Nf3 Nf6 2. c4 e6 3. Nc3 d5 4. d4 Be7 5. e3 O-O 6. Bd3 b6 7. O-O Bb7 8. cxd5
exd5 9. Qc2 c5 10. dxc5 bxc5 11. Rd1 Nbd7 12. b3 Rc8 13. Bb2 Qc7 14. Bf5 Rcd8
15. Rac1 d4 16. Ne4 Nxe4 17. Bxe4 Bxe4 18. Qxe4 Nf6 19. Qe5 Bd6 20. Qf5 dxe3
21. Bxf6 gxf6 22. fxe3 Be5 23. g3 Rxd1+ 24. Rxd1 Rd8 25. Rc1 Qd6 26. Rf1 Qd3
27. Qxd3 Rxd3 28. Rc1 Rxe3 29. Nxe5 Rxe5 30. Kf2 f5 31. Rc4 Kg7 32. Ra4 Re7 33.
Rc4 1/2-1/2

[Event "XI C.to Mondiale seniores"]
[Site "Arco ITA"]
[Date "2001.10.22"]
[Round "6"]
[White "Chehlov, Aleksander"]
[Black "Tatai, Stefano"]
[Result "1-0"]
[WhiteElo "2267"]
[BlackElo "2352"]
[PlyCount "61"]
[EventDate "2001.10.17"]

1. e4 c5 2. Nf3 d6 3. d4 cxd4 4. Nxd4 Nf6 5. Nc3 a6 6. Bg5 e6 7. f4 Be7 8. Qf3
Qc7 9. O-O-O Nbd7 10. g4 h6 11. Bxf6 Bxf6 12. h4 g5 13. hxg5 hxg5 14. Rxh8+
Bxh8 15. fxg5 Qc5 16. Qe3 Ne5 17. Qf4 Ng6 18. Qd2 Be5 19. Nb3 Qc7 20. Kb1 Bd7
21. Bd3 Bf4 22. Qf2 Bxg5 23. Rh1 Be7 24. Rh7 Ne5 25. g5 O-O-O 26. g6 Rf8 27. g7
Rg8 28. Rh8 Qd8 29. Qa7 Nc6 30. Qa8+ Nb8 31. Na5 1-0